It's not like that here : teaching academic writing and reading to novice writers /

Bibliographic Details
Main Author: Dickson, Marcia
Format: Book
Language:English
Published: Portsmouth, NH : Boynton/Cook Publishers, [1995]
Subjects:

MARC

Tag First Indicator Second Indicator Subfields
LEADER 00000cam a2200000 a 4500
001 in00001237287
005 20151003062401.0
008 940919s1995 nhua b 000 0 eng
010 |a  94036421  
020 |a 086709351X (acid-free paper) 
035 |a (OCoLC)31287939 
035 |9 AGS7588AM 
040 |a DLC  |c DLC  |d TXA  |d UtOrBLW 
049 |a TXAM 
050 0 0 |a PE1404  |b .D45 1995 
082 0 0 |a 808/.042/07  |2 20 
100 1 |a Dickson, Marcia. 
245 1 0 |a It's not like that here :  |b teaching academic writing and reading to novice writers /  |c Marcia Dickson. 
264 1 |a Portsmouth, NH :  |b Boynton/Cook Publishers,  |c [1995] 
264 4 |c ©1995 
300 |a xiv, 210 pages :  |b illustrations ;  |c 23 cm. 
336 |a text  |b txt  |2 rdacontent 
337 |a unmediated  |b n  |2 rdamedia 
338 |a volume  |b nc  |2 rdacarrier 
504 |a Includes bibliographical references (pages 207-210). 
650 0 |a English language  |x Rhetoric  |x Study and teaching. 
650 0 |a English language  |x Grammar  |x Study and teaching. 
650 0 |a Critical thinking  |x Study and teaching. 
650 0 |a Academic writing  |x Study and teaching. 
650 0 |a Reading (Higher education) 
999 |a MARS 
999 f f |s ec45e0c2-8452-39da-8785-94e70102fa79  |i 279a9233-99e9-38f0-855c-cef288ff39e3  |t 0 
952 f f |p ric  |a Texas A&M University  |b Rellis Campus  |c Joint Library Facility  |s JLF  |d Remote Storage  |t 0  |e PE1404 .D45 1995  |h Library of Congress classification  |i unmediated -- volume  |m A14819108537 
998 f f |a PE1404 .D45 1995  |t 0  |l Remote Storage